| 000 | 004070000a22001450004500 | ||
|---|---|---|---|
| 041 | 0 | _aSPA | |
| 082 | 0 | 4 | _aG 823.83 D548t |
| 100 | 1 | _aDickens, Carlos (Charles) (1812-1870) | |
| 245 | 1 | 0 | _aTiempos difíciles / Charles Dickens ; Amando Lázaro Ros |
| 260 | _aBogotá, Colombia : Oveja Negra | ||
| 300 | _a340 Pag | ||
| 440 | 0 | _aColección Historia Universal de la Literatura | |
| 001 | 13089 | ||
| 942 | _cBK | ||
| 999 |
_c42082 _d42082 |
||